000 00483nam a2200181Ia 4500
008 090124s9999 xx 000 0 und d
082 _b121233
100 _aपाटील पद्माकर
245 _a महानगर
250 _a1
260 _c1985
300 _a164
600 _aपाटील पद्माकर
630 _a महानगर
700 _aपाटील पद्माकर
730 _a महानगर
942 _cBOOK
999 _c167319
_d167319